[Event "Sao Paulo Sampa op"]
[Site "Sao Paulo"]
[Date "2024.01.29"]
[Round "1"]
[White "Hirota da Silva, Nilton Jose"]
[Black "Fernandes de Sousa, Julio Cesar"]
[Result "0-1"]
[WhiteElo "1822"]
[BlackElo "2162"]
[PlyCount "100"]
[EventDate "2024.01.29"]
[EventType "swiss"]
[EventRounds "9"]
[EventCountry "BRA"]
[SourceTitle "CB06_2024"]
[SourceDate "2024.02.07"]
[SourceVersion "1"]
[SourceVersionDate "2024.02.07"]
[SourceQuality "1"]

1. d4 Nf6 2. Bg5 d5 3. e3 Nbd7 4. Nf3 e6 5. Nbd2 Be7 6. Bd3 0-0 7. 0-0 b6 8. Re1 Bb7 9. Rc1 Ne4 10. Bf4 f5 11. Bxe4 dxe4 12. Ne5 Nxe5 13. Bxe5 Bd6 14. Bxd6 cxd6 15. f4 exf3 16. Nxf3 b5 17. Rf1 Rc8 18. Qd2 a5 19. c3 Bd5 20. a3 Rf6 21. Rf2 Qc7 22. Re1 h6 23. Qd1 b4 24. axb4 axb4 25. cxb4 Qb7 26. Nd2 Rff8 27. g4 Qxb4 28. gxf5 Rxf5 29. Rxf5 exf5 30. Nf1 Qxb2 31. Re2 Qc3 32. Qe1 Qa3 33. Qg3 Rc1 34. Rf2 Be4 35. h4 Qb3 36. h5 Qf7 37. Qh4 Qc7 38. Qf4 Rc2 39. Rxc2 Qxc2 40. Qf2 Qd1 41. Qh2 Bd3 42. Qf2 Qxh5 43. Ng3 Qg4 44. Kh2 Qh4+ 45. Kg2 Kh7 46. Qf4 Qxf4 47. exf4 g5 48. fxg5 hxg5 49. Nh5 Kg6 50. Ng3 f4 0-1

[Event "Sao Paulo Hebraica op 28th"]
[Site "Sao Paulo"]
[Date "2022.01.15"]
[Round "4"]
[White "Tsuchie, Pedro Pinheiro"]
[Black "Fernandes de Sousa, Julio Cesar"]
[Result "1/2-1/2"]
[WhiteElo "1660"]
[BlackElo "2187"]
[PlyCount "128"]
[EventDate "2022.01.14"]
[EventType "swiss"]
[EventRounds "6"]
[EventCountry "BRA"]
[SourceTitle "CBM 206 Extra"]
[Source "ChessBase"]
[SourceDate "2022.03.31"]
[SourceVersion "1"]
[SourceVersionDate "2022.03.31"]
[SourceQuality "1"]

1. e4 e5 2. Nf3 Nc6 3. Bb5 a6 4. Ba4 Nge7 5. c3 g6 6. 0-0 Bg7 7. Re1 0-0 8. h3 b5 9. Bc2 d5 10. exd5 Nxd5 11. a4 Rb8 12. axb5 axb5 13. b4 h6 14. Bb2 f5 15. d3 Qd6 16. Nbd2 Kh7 17. c4 Ndxb4 18. cxb5 Nxc2 19. Qxc2 Rxb5 20. Nc4 Qd5 21. Ncxe5 Bb7 22. d4 Nxe5 23. dxe5 Qb3 24. Qxb3 Rxb3 25. Bd4 Rd8 26. e6 Bxf3 27. Bxg7 Kxg7 28. gxf3 Rc3 29. Rac1 Rxc1 30. Rxc1 Rc8 31. Rc6 Kf6 32. Kf1 g5 33. Kg2 Ke7 34. Kf1 Kd8 35. Kg2 Ra8 36. e7+ Kd7 37. Rc5 Re8 38. Rxf5 Rxe7 39. Kg3 Kd6 40. Rf6+ Re6 41. Rf8 Ke5 42. f4+ gxf4+ 43. Rxf4 c5 44. Rc4 Kd5 45. Rc1 Rg6+ 46. Kh4 c4 47. f4 Kd4 48. f5 Rf6 49. Kg4 c3 50. Kf4 Rf7 51. Rd1+ Kc4 52. Ke5 Re7+ 53. Kf6 Re3 54. Kg7 Rxh3 55. f6 Rf3 56. f7 c2 57. Rh1 Kb3 58. f8Q Rxf8 59. Kxf8 h5 60. Kg7 h4 61. Kg6 h3 62. Rxh3+ Kb2 63. Rh2 Kb1 64. Rxc2 Kxc2 1/2-1/2

[Event "Sao Paulo Hebraica op 24th"]
[Site "Sao Paulo"]
[Date "2017.01.15"]
[Round "5"]
[White "Fernandes de Sousa, Julio Cesar"]
[Black "Awoki, Daniel Teidi"]
[Result "1-0"]
[WhiteElo "2073"]
[BlackElo "2038"]
[PlyCount "101"]
[EventDate "2017.01.13"]
[EventType "swiss"]
[EventRounds "6"]
[EventCountry "BRA"]
[SourceTitle "CBM 176 Extra"]
[Source "ChessBase"]
[SourceDate "2017.03.02"]
[SourceVersion "1"]
[SourceVersionDate "2017.03.02"]
[SourceQuality "1"]

1. e4 c5 2. Nc3 Nc6 3. Bb5 g6 4. Nge2 Bg7 5. 0-0 Nd4 6. Nxd4 cxd4 7. Ne2 e6 8. d3 Ne7 9. Ba4 0-0 10. Bg5 h6 11. Bf4 e5 12. Bg3 g5 13. Bb3 d5 14. Qd2 Be6 15. h4 g4 16. h5 Qd7 17. Bh4 dxe4 18. dxe4 f5 19. Bxe7 Qxe7 20. exf5 Rxf5 21. Ng3 Rf4 22. Rae1 Raf8 23. Ne2 R4f6 24. Nxd4 exd4 25. Rxe6 Rxe6 26. Re1 Rff6 27. Qe2 Kf7 28. Qxg4 Qd6 29. Rxe6 Rxe6 30. Qg6+ Kf8 31. Bxe6 Qf4 32. g3 Qf3 33. Bb3 Qf6 34. Qe4 Qc6 35. Qf4+ Qf6 36. Qb8+ Ke7 37. Qxb7+ Kd6 38. Qb8+ Ke7 39. Qxa7+ Kd6 40. Qb8+ Ke7 41. Qc7+ Kf8 42. Bd5 Qe7 43. Qf4+ Qf6 44. Qb8+ Ke7 45. Qc7+ Kf8 46. a4 Qe7 47. Qf4+ Bf6 48. Qxh6+ Ke8 49. Qg6+ Kd8 50. Qg8+ Kc7 51. Qf7 1-0

[Event "Sao Paulo Hebraica op 24th"]
[Site "Sao Paulo"]
[Date "2017.01.14"]
[Round "4"]
[White "Florencio da Silva, Yuri Matos"]
[Black "Fernandes de Sousa, Julio Cesar"]
[Result "0-1"]
[WhiteElo "2068"]
[BlackElo "2073"]
[PlyCount "76"]
[EventDate "2017.01.13"]
[EventType "swiss"]
[EventRounds "6"]
[EventCountry "BRA"]
[SourceTitle "CBM 176 Extra"]
[Source "ChessBase"]
[SourceDate "2017.03.02"]
[SourceVersion "1"]
[SourceVersionDate "2017.03.02"]
[SourceQuality "1"]

1. e4 e5 2. Nf3 Nc6 3. d4 exd4 4. Nxd4 Nf6 5. Nxc6 bxc6 6. e5 Qe7 7. Qe2 Nd5 8. c4 Nb6 9. Nc3 Qe6 10. Qe4 a5 11. f4 g6 12. Bd2 Bc5 13. h4 Ba6 14. b3 a4 15. h5 Bb7 16. Rb1 axb3 17. axb3 Bb4 18. hxg6 fxg6 19. Bd3 0-0-0 20. Na4 c5 21. Qe2 Bxd2+ 22. Kxd2 d6 23. Kc2 h5 24. exd6 Qxe2+ 25. Bxe2 Bxg2 26. dxc7 Be4+ 27. Kc3 Nxa4+ 28. bxa4 Kxc7 29. Rhg1 Bxb1 30. Rxb1 Rhe8 31. Bf1 Re3+ 32. Kc2 Rf3 33. a5 Rxf4 34. a6 Rf2+ 35. Kc3 Kc6 36. Re1 Kb6 37. Ra1 Ka7 38. Re1 Rd6 0-1

[Event "Sao Bernardo do Campo LXSBC fin-B 5th"]
[Site "Sao Bernardo do Campo"]
[Date "2014.01.25"]
[Round "6"]
[White "Fernandes de Sousa, Julio Cesar"]
[Black "De Sousa, Matheus Mazim"]
[Result "0-1"]
[WhiteElo "2070"]
[BlackElo "2042"]
[PlyCount "42"]
[EventDate "2014.01.18"]
[EventType "tourn"]
[EventRounds "9"]
[EventCountry "BRA"]
[SourceTitle "CBM 158 Extra"]
[Source "ChessBase"]
[SourceDate "2014.02.28"]
[SourceVersion "1"]
[SourceVersionDate "2014.02.28"]
[SourceQuality "1"]

1. e4 c5 2. Nc3 Nc6 3. Bb5 Nf6 4. f4 Nd4 5. e5 Nxb5 6. Nxb5 Nd5 7. Qf3 Qb6 8. c4 Nb4 9. Na3 Qc6 10. Qe2 d5 11. exd6 Qxd6 12. d4 Qxd4 13. Nb5 Nd3+ 14. Kf1 Nxc1 15. Nxd4 Nxe2 16. Nb5 Nd4 17. Nc7+ Kd7 18. Nxa8 g6 19. h4 Bg7 20. Rh3 Kc6 21. Ra3 Nc2 0-1

[Event "Mogi das Cruzes op 09"]
[Site "Mogi das Cruzes"]
[Date "2013.09.29"]
[Round "7"]
[White "Fernandes de Sousa, Julio Cesar"]
[Black "Van Riemsdijk, Dirk Dagobert"]
[Result "1-0"]
[WhiteElo "2015"]
[BlackElo "2132"]
[PlyCount "31"]
[EventDate "2013.09.26"]
[EventType "swiss"]
[EventRounds "7"]
[EventCountry "BRA"]
[SourceTitle "CBM 156 Extra"]
[Source "ChessBase"]
[SourceDate "2013.10.22"]
[SourceVersion "1"]
[SourceVersionDate "2013.10.22"]
[SourceQuality "1"]

1. e4 c6 2. Nc3 d5 3. Nf3 e6 4. d4 Nf6 5. e5 Nfd7 6. Bd3 a6 7. 0-0 c5 8. Ng5 cxd4 9. Nxe6 fxe6 10. Qh5+ Ke7 11. Bg5+ Nf6 12. exf6+ Kd6 13. fxg7 Bxg7 14. Bxd8 dxc3 15. Qf7 Rxd8 16. Qxg7 1-0

[Event "Mogi das Cruzes op 09"]
[Site "Mogi das Cruzes"]
[Date "2013.09.29"]
[Round "6"]
[White "Proudian, Armen"]
[Black "Fernandes de Sousa, Julio Cesar"]
[Result "1-0"]
[WhiteElo "2259"]
[BlackElo "2015"]
[PlyCount "121"]
[EventDate "2013.09.26"]
[EventType "swiss"]
[EventRounds "7"]
[EventCountry "BRA"]
[SourceTitle "CBM 156 Extra"]
[Source "ChessBase"]
[SourceDate "2013.10.22"]
[SourceVersion "1"]
[SourceVersionDate "2013.10.22"]
[SourceQuality "1"]

1. e4 e5 2. Nf3 Nc6 3. Bb5 f5 4. Bxc6 dxc6 5. Nc3 Nf6 6. Qe2 fxe4 7. Nxe4 Bg4 8. h3 Bxf3 9. Qxf3 Nxe4 10. Qxe4 Qd5 11. d3 Qxe4+ 12. dxe4 Bc5 13. Ke2 Rf8 14. f3 Rd8 15. Rd1 Rxd1 16. Kxd1 Rf6 17. Ke2 Rg6 18. Kf1 Rd6 19. Ke2 Rg6 20. g4 h5 21. Bd2 Be7 22. Be3 c5 23. Rg1 hxg4 24. Rxg4 Rb6 25. b3 Kf7 26. f4 exf4 27. Rxf4+ Ke6 28. Rf5 g6 29. Rd5 Ra6 30. a4 c6 31. Rd1 b5 32. Rg1 Kf7 33. axb5 cxb5 34. Kd3 Rd6+ 35. Ke2 Ra6 36. Bg5 c4 37. bxc4 bxc4 38. Bxe7 Kxe7 39. Ke3 Kf6 40. Kd4 Rd6+ 41. Kxc4 Ke5 42. Kc5 Rd8 43. Rxg6 Rc8+ 44. Rc6 Rh8 45. Rc7 Rxh3 46. c4 Ra3 47. Re7+ Kf6 48. Re8 Ra1 49. Kc6 a5 50. Kb5 a4 51. Kb4 a3 52. Kb3 a2 53. Ra8 Rb1+ 54. Kxa2 Rb4 55. Rc8 Ke5 56. Ka3 Rb1 57. Rd8 Kxe4 58. Ka4 Rb7 59. c5 Ke5 60. c6 Ra7+ 61. Kb5 1-0

[Event "Mogi das Cruzes op 09"]
[Site "Mogi das Cruzes"]
[Date "2013.09.28"]
[Round "4"]
[White "Cunha, Eduardo Arruda da G"]
[Black "Fernandes de Sousa, Julio Cesar"]
[Result "1/2-1/2"]
[WhiteElo "2213"]
[BlackElo "2015"]
[PlyCount "145"]
[EventDate "2013.09.26"]
[EventType "swiss"]
[EventRounds "7"]
[EventCountry "BRA"]
[SourceTitle "CBM 156 Extra"]
[Source "ChessBase"]
[SourceDate "2013.10.22"]
[SourceVersion "1"]
[SourceVersionDate "2013.10.22"]
[SourceQuality "1"]

1. e4 e5 2. Bc4 Nf6 3. d3 c6 4. Nf3 Be7 5. 0-0 d6 6. c3 0-0 7. Bb3 Nbd7 8. Re1 Nc5 9. Bc2 Bg4 10. h3 Bh5 11. Nbd2 Nfd7 12. Nf1 Bxf3 13. Qxf3 Ne6 14. Qg4 g6 15. Bh6 Re8 16. Ng3 Bf8 17. Nf5 Bxh6 18. Nxh6+ Kg7 19. Nf5+ Kg8 20. Nxd6 Nf6 21. Qh4 Qxd6 22. Qxf6 Rad8 23. Rad1 Qc7 24. g3 Rd7 25. b4 Qd8 26. Qxd8 Rexd8 27. Re3 c5 28. Bb3 cxb4 29. Bxe6 fxe6 30. cxb4 Rd4 31. a3 Rc8 32. Ree1 Rc3 33. Rc1 Rcxd3 34. Rc8+ Kf7 35. Rec1 Rd1+ 36. Rxd1 Rxd1+ 37. Kg2 Rd7 38. g4 h6 39. b5 Rd4 40. Rc7+ Kf6 41. Rxb7 Ra4 42. Rb8 Rxa3 43. f3 g5 44. Kg3 Ra1 45. h4 gxh4+ 46. Kxh4 Rh1+ 47. Kg3 Rg1+ 48. Kf2 Rh1 49. Ke3 Re1+ 50. Kd3 Rc1 51. Rb7 Rc5 52. Ke3 Kg5 53. Rb8 Kh4 54. f4 exf4+ 55. Kxf4 Rg5 56. Rb7 e5+ 57. Ke3 Rxg4 58. Rxa7 Rg3+ 59. Kd2 Rb3 60. Ra5 Kg4 61. Kc2 Rb4 62. Kc3 Rb1 63. Kc4 h5 64. Ra3 h4 65. Ra8 h3 66. Rh8 Rb2 67. Kc5 h2 68. b6 Kf4 69. Kc6 Kg3 70. b7 Kg2 71. Rg8+ Kf3 72. Rh8 Kg2 73. Rg8+ 1/2-1/2

[Event "Sao Bernardo do Campo op"]
[Site "Sao Bernardo do Campo"]
[Date "2013.05.26"]
[Round "5"]
[White "Fernandes de Sousa, Julio Cesar"]
[Black "Rodrigues, Leonardo De Miranda"]
[Result "1-0"]
[WhiteElo "1945"]
[BlackElo "2074"]
[PlyCount "83"]
[EventDate "2013.05.24"]
[EventType "swiss"]
[EventRounds "6"]
[EventCountry "BRA"]
[SourceTitle "CBM 154 Extra"]
[Source "ChessBase"]
[SourceDate "2013.06.25"]
[SourceVersion "2"]
[SourceVersionDate "2013.06.25"]
[SourceQuality "1"]

1. e4 e6 2. d4 d5 3. e5 c5 4. c3 Nc6 5. Nf3 Qb6 6. a3 c4 7. g3 Bd7 8. Nbd2 Na5 9. h4 Ne7 10. Bh3 h6 11. Rb1 Nb3 12. Nxb3 Ba4 13. Nfd2 Bxb3 14. Nxb3 cxb3 15. h5 Nc6 16. 0-0 0-0-0 17. Qe2 Kb8 18. f4 Ka8 19. f5 Be7 20. fxe6 fxe6 21. Be3 Bg5 22. Kg2 Bxe3 23. Qxe3 Rde8 24. Rf7 Rhg8 25. Rbf1 Na5 26. Rd7 Rgf8 27. Re7 Qb5 28. Rxf8 Rxf8 29. Kh2 Nc4 30. Qe2 a6 31. Bxe6 Qc6 32. Bd7 Qb6 33. Re8+ Rxe8 34. Bxe8 Qe6 35. Bg6 Kb8 36. Qf3 Nd2 37. Qf8+ Ka7 38. Bf5 Qc6 39. e6 Qc7 40. Qc5+ Kb8 41. Qxc7+ Kxc7 42. e7 1-0

[Event "Sao Bernardo do Campo op"]
[Site "Sao Bernardo do Campo"]
[Date "2013.05.25"]
[Round "3"]
[White "Gerbelli Neto, Eduardo"]
[Black "Fernandes de Sousa, Julio Cesar"]
[Result "1/2-1/2"]
[WhiteElo "2176"]
[BlackElo "1945"]
[PlyCount "42"]
[EventDate "2013.05.24"]
[EventType "swiss"]
[EventRounds "6"]
[EventCountry "BRA"]
[SourceTitle "CBM 154 Extra"]
[Source "ChessBase"]
[SourceDate "2013.06.25"]
[SourceVersion "2"]
[SourceVersionDate "2013.06.25"]
[SourceQuality "1"]

1. e4 e5 2. Nf3 Nc6 3. d4 exd4 4. Bc4 Nf6 5. 0-0 Nxe4 6. Re1 d5 7. Nc3 dxc4 8. Rxe4+ Be6 9. Nxd4 Nxd4 10. Rxd4 Qf6 11. Nb5 Rc8 12. Be3 Bc5 13. Rf4 Qe5 14. Nd4 Rd8 15. c3 0-0 16. Qf3 Bc8 17. Rh4 Qd5 18. Qh5 Qxh5 19. Rxh5 Be7 20. Re1 Rfe8 21. Re5 Bf8 1/2-1/2

[Event "BRA-ch Amateur"]
[Site "Sao Paulo"]
[Date "2013.02.09"]
[Round "2"]
[White "Ramos, Alexandre Espreafic"]
[Black "Fernandes de Sousa, Julio Cesar"]
[Result "0-1"]
[WhiteElo "1301"]
[BlackElo "1955"]
[PlyCount "58"]
[EventDate "2013.02.09"]
[EventType "swiss"]
[EventRounds "7"]
[EventCountry "BRA"]
[SourceTitle "CBM 152 Extra"]
[Source "ChessBase"]
[SourceDate "2013.02.25"]
[SourceVersion "1"]
[SourceVersionDate "2013.02.25"]
[SourceQuality "1"]

1. e4 e5 2. Nf3 Nc6 3. Bb5 f5 4. Nc3 Nd4 5. d3 Nf6 6. Nxe5 c6 7. Bc4 Qe7 8. Nf3 Nxf3+ 9. Qxf3 d5 10. Bb3 fxe4 11. Qe3 exd3 12. Qxe7+ Bxe7 13. cxd3 Bf5 14. d4 0-0 15. 0-0 Rae8 16. Bg5 h6 17. Be3 Bd6 18. Rfe1 Ng4 19. g3 g5 20. Rac1 Kg7 21. Bc2 Bd7 22. Kg2 Re7 23. Re2 Nxe3+ 24. Rxe3 Ref7 25. Rf1 h5 26. f3 h4 27. Re2 hxg3 28. hxg3 Rh8 29. Ref2 Bh3+ 0-1

[Event "Mogi das Cruzes op 08"]
[Site "Mogi das Cruzes"]
[Date "2012.09.01"]
[Round "3"]
[White "Hara, Aroldo Hiroiuqui"]
[Black "Fernandes de Sousa, Julio Cesar"]
[Result "0-1"]
[WhiteElo "1957"]
[BlackElo "1800"]
[PlyCount "98"]
[EventDate "2012.08.31"]
[EventType "swiss"]
[EventRounds "6"]
[EventCountry "BRA"]
[SourceTitle "CBM 150 Extra"]
[Source "ChessBase"]
[SourceDate "2012.10.19"]
[SourceVersion "1"]
[SourceVersionDate "2012.10.19"]
[SourceQuality "1"]

1. d4 Nf6 2. c4 e6 3. Nf3 d5 4. cxd5 exd5 5. Nc3 Be7 6. e3 0-0 7. Be2 c6 8. 0-0 Bf5 9. a3 Nbd7 10. Nh4 Be6 11. f4 Ne4 12. Nf3 Ndf6 13. Nd2 c5 14. f5 Nxd2 15. Bxd2 Bd7 16. Rc1 cxd4 17. exd4 Qb6 18. Bg5 Qxb2 19. Bxf6 Bxf6 20. Nxd5 Qxd4+ 21. Kh1 Rfd8 22. Rc7 Qxd1 23. Nxf6+ gxf6 24. Bxd1 Bb5 25. Re1 Rac8 26. Rce7 Re8 27. Rxe8+ Rxe8 28. Rxe8+ Bxe8 29. Bb3 Kf8 30. Kg1 Ke7 31. Kf2 Kd6 32. Kg3 b5 33. Kh4 Bc6 34. g4 Bd5 35. Bd1 a5 36. g5 b4 37. axb4 axb4 38. Bc2 b3 39. Bd3 b2 40. Kh5 Ke5 41. h4 Be4 42. Bxe4 Kxe4 43. Kh6 fxg5 44. hxg5 b1Q 45. f6 Kf4 46. Kg7 Qg6+ 47. Kh8 h6 48. gxh6 Qxh6+ 49. Kg8 Qxf6 0-1

[Event "Mogi das Cruzes op 08"]
[Site "Mogi das Cruzes"]
[Date "2012.08.31"]
[Round "2"]
[White "Fernandes de Sousa, Julio Cesar"]
[Black "Takeda, Lucas Koji"]
[Result "1-0"]
[WhiteElo "1800"]
[BlackElo "1966"]
[PlyCount "85"]
[EventDate "2012.08.31"]
[EventType "swiss"]
[EventRounds "6"]
[EventCountry "BRA"]
[SourceTitle "CBM 150 Extra"]
[Source "ChessBase"]
[SourceDate "2012.10.19"]
[SourceVersion "1"]
[SourceVersionDate "2012.10.19"]
[SourceQuality "1"]

1. e4 c5 2. Nc3 a6 3. a4 Nc6 4. f4 g6 5. Nf3 Bg7 6. Bc4 e6 7. 0-0 Nge7 8. Qe1 0-0 9. d3 d5 10. Ba2 Nd4 11. Nxd4 cxd4 12. Nd1 dxe4 13. dxe4 Nc6 14. Nf2 b6 15. Nd3 a5 16. Bd2 Ra7 17. Rd1 Ba6 18. Rf3 Bxd3 19. Rxd3 Re8 20. Bc4 e5 21. Bb5 Qd6 22. Qf2 exf4 23. Bxf4 Be5 24. Bxe5 Rxe5 25. Bxc6 Qxc6 26. Rxd4 Rxe4 27. Rxe4 Qxe4 28. Qxb6 Rb7 29. Qc5 Re7 30. h3 Qb7 31. Rd8+ Kg7 32. Qd4+ f6 33. Rd6 Rf7 34. c4 Qb4 35. c5 Qe1+ 36. Kh2 h5 37. h4 Qc1 38. c6 g5 39. hxg5 Qxg5 40. Rd5 Qc1 41. Qc3 Qf1 42. Qg3+ Kh6 43. Rd8 1-0